000 00485nam a22002057a 4500
001 25478
005 20260420172335.0
008 260420b |||||||| |||| 00| 0 spa d
041 _aESP
082 _a985.4
_bA68
100 _aArce Espinoza, Mario Rommel
245 _aArequipeños que hicieron historia
260 _a :
_b ,
_c2007
300 _a348 páginas :
_b ;
_c21 cm.
440 _a ;
650 _aLYR
654 _aCHU
700 _a;
942 _cLIB
_dJUS
_fJUS
_n0
_2ddc
999 _c25478
_d25478